Statistics for Geographic Clichés and Proverbs Quiz

Click here to take the quiz!

General Stats

  • This quiz has been taken 86 times
  • The average score is 7 of 12

Answer Stats

Geographic Phrase % Correct
Around the {world} in eighty days
96%
When in {Rome}, do as the Romans do
91%
Don't make a {mountain} out of a molehill
88%
Pardon my {French}
78%
Follow to the ends of the {Earth}
69%
Not for all the tea in {China}
64%
Enjoying an {Indian} summer
53%
You're speaking Double {Dutch}
53%
It's all {Greek} to me
49%
As {American} as apple pie
45%
The {British} are coming!
40%
As vast as the {Amazon}
8%

Score Distribution

Percentile by Number Answered

Percent of People with Each Score

Your Score History

You have not taken this quiz